[Event "TCh-NED Meesterklasse 2011-12"]
[Site "Netherlands NED"]
[Date "2011.10.29"]
[Round "2.4"]
[White "Burg,T"]
[Black "Kabatianski,A"]
[Result "1-0"]
[WhiteElo "2462"]
[BlackElo "2410"]

1.e4 e6 2.d4 d5 3.Nd2 Nc6 4.Ngf3 Nf6 5.e5 Nd7 6.Be2 Be7 7.Nf1 f6 8.exf6 Nxf6
9.Ng3 O-O 10.O-O Bd6 11.Bb5 Ne7 12.Re1 c5 13.c3 Ng6 14.Bd3 cxd4 15.Bxg6 hxg6
16.cxd4 Nh7 17.Ne5 Bxe5 18.Rxe5 Qh4 19.Qd3 Bd7 20.Be3 Qf6 21.Ne2 g5 22.f3 Qh6
23.Ng3 Qh4 24.Qd2 Rac8 25.Bxg5 Nxg5 26.Rxg5 Qh7 27.Nh5 g6 28.Nf4 Rf6 29.Nd3 Be8
30.Re5 b6 31.Nf2 Bd7 32.Ng4 Rff8 33.Rae1  1-0

[Event "TCh-NED Meesterklasse 2011-12"]
[Site "Netherlands NED"]
[Date "2011.10.29"]
[Round "2.2"]
[White "Bok,B"]
[Black "Zaragatski,I"]
[Result "0-1"]
[WhiteElo "2488"]
[BlackElo "2474"]

1.e4 e6 2.d4 d5 3.Nd2 Nc6 4.Ngf3 Nf6 5.e5 Nd7 6.Nb3 a5 7.a4 b6 8.c3 Ne7 9.h4 Bb7
10.h5 h6 11.Nh4 Qc8 12.f4 Ba6 13.Bxa6 Qxa6 14.Qe2 Qxe2+ 15.Kxe2 g5 16.hxg6 fxg6
17.g4 h5 18.f5 gxf5 19.gxf5 Nxf5 20.Nxf5 exf5 21.Be3 Be7 22.Raf1 Nf8 23.Rxf5 h4
24.Nd2 Ne6 25.Bf2 Kd7 26.Nf3 h3 27.Ng1 Ng5 28.Rf4 Rag8 29.Rg4 c5 30.Nxh3 cxd4
31.cxd4 Rc8 32.Rh4 Rhf8 33.Nxg5 Rc2+ 34.Kd3 Rcxf2 35.Rh7 Ke8 36.Rxe7+ Kxe7
37.Rh7+ Ke8 38.Ne6 R8f3+  0-1

[Event "50th TCh-DEN XtraCon 2011-12"]
[Site "Denmark DEN"]
[Date "2011.10.30"]
[Round "2.5"]
[White "Kristensen,L1"]
[Black "Nielsen,LA"]
[Result "1-0"]
[WhiteElo "2301"]
[BlackElo "2259"]

1.e4 e6 2.d4 d5 3.Nd2 Nc6 4.Ngf3 Nf6 5.e5 Nd7 6.Nb3 Be7 7.c3 O-O 8.Bb5 a6
9.Bxc6 bxc6 10.Na5 c5 11.Nc6 Qe8 12.Nxe7+ Qxe7 13.Bg5 f6 14.exf6 gxf6 15.Bh6 Rf7
16.O-O cxd4 17.Nxd4 Ne5 18.Re1 c5 19.f4 cxd4 20.fxe5 fxe5 21.Qg4+ Kh8 22.cxd4 Bd7
23.Rxe5 Qf6 24.Be3 Raf8 25.g3 Rg7 26.Rg5 Rxg5 27.Qxg5 Qxg5 28.Bxg5 Kg7 29.Rc1 Rc8
30.Rxc8 Bxc8 31.Kf2 Kg6 32.Bf4 Bd7 33.Ke3 Bb5 34.b3 Kf6 35.Bd6 Kf5 36.a4 Bf1
37.Kd2 Ke4 38.Kc3 Be2 39.b4 Bc4 40.Be5 Ke3 41.b5 axb5 42.a5  1-0

[Event "8th Lippe Cup"]
[Site "Lieme GER"]
[Date "2011.10.30"]
[Round "5.6"]
[White "Wolf,An"]
[Black "Fenner,M"]
[Result "0-1"]
[WhiteElo "2174"]
[BlackElo "1996"]

1.e4 e6 2.d4 d5 3.Nd2 Nc6 4.Ngf3 Nf6 5.e5 Nd7 6.Bb5 f6 7.exf6 Qxf6 8.Nf1 Bd6
9.Bg5 Qf7 10.Ne3 O-O 11.O-O Qh5 12.h4 h6 13.Be2 hxg5 14.g3 gxh4 15.Nxh4 Qg5
16.Ng4 Nb6 17.a4 a5 18.Ng2 e5 19.dxe5 Bxg4 20.Bxg4 Nxe5 21.Be6+ Nf7 22.Qd3 Rae8
23.Rae1 Rxe6 24.Rxe6 Ne5 25.Rxe5 Qxe5 26.Nf4 Qf5  0-1

[Event "US Chess League 2011"]
[Site "ICC INT"]
[Date "2011.10.31"]
[Round "10"]
[White "Kraai,J"]
[Black "Vojinovic,G"]
[Result "1-0"]
[WhiteElo "2514"]
[BlackElo "2435"]

1.e4 e6 2.d4 d5 3.Nd2 Be7 4.Ngf3 Nf6 5.e5 Nfd7 6.Bd3 c5 7.c3 Nc6 8.O-O cxd4
9.cxd4 Qb6 10.Nb3 a5 11.a4 Nb4 12.Bg5 Nxd3 13.Qxd3 Bb4 14.Rac1 O-O 15.Rc2 h6
16.Rfc1 Re8 17.Bd2 Nf8 18.Nc5 Qa7 19.Bxb4 axb4 20.Qb5 Rd8 21.Qxb4 Ng6 22.b3 b6
23.Nd3 Ba6 24.Rc7 Qb8 25.Nfe1 Ra7 26.R7c6 Rb7 27.Qc3 Ne7 28.Nb4 Qa8 29.Rd6 Rc8
30.Qxc8+ Nxc8 31.Rd8+ Kh7 32.Rcxc8  1-0

[Event "38th ch-IND w 2011"]
[Site "Chennai IND"]
[Date "2011.11.01"]
[Round "4"]
[White "Supriya,J"]
[Black "Madhurima,S"]
[Result "1/2-1/2"]
[WhiteElo "1904"]
[BlackElo "1906"]

1.e4 e6 2.d4 d5 3.Nd2 Nc6 4.Ngf3 Nf6 5.e5 Nd7 6.Nb3 a5 7.a4 Be7 8.Bb5 O-O
9.Be3 Ncb8 10.c3 b6 11.Bd3 Ba6 12.Bb1 Re8 13.h4 Nf8 14.Ng5 f6 15.Qh5 g6 16.Qh6 fxg5
17.hxg5 Qd7 18.Bxg6 Bxg5 19.Bxe8 Bxh6 20.Bxd7 Bxe3 21.Bxe6+ Nxe6 22.fxe3 Bd3
23.Nc1 Bg6 24.Ne2 Ng7 25.Nf4 Be4 26.b4 Nc6 27.b5 Ne7 28.Rc1 Ng6 29.c4 dxc4
30.Nxg6 hxg6 31.Rxc4 Ne6 32.Rh4 Bd5 33.Rc3 Bb7 34.Ke2 Rf8 35.Rg4 Kg7 36.Ke1 Kh6
37.Rh4+ Kg7 38.Rg4 Rd8 39.Ke2 Kh6 40.Rh4+ Kg7 41.Rh2 Be4 42.Rc1 g5 43.g4  1/2-1/2

[Event "15th OIBM"]
[Site "Bad Wiessee GER"]
[Date "2011.11.02"]
[Round "5.32"]
[White "Forchert,M"]
[Black "Ossig,Rainer"]
[Result "1-0"]
[WhiteElo "2420"]
[BlackElo "2000"]

1.e4 e6 2.d4 d5 3.Nd2 Nc6 4.Ngf3 Nf6 5.e5 Nd7 6.Be2 Be7 7.Nf1 O-O 8.Ne3 f6
9.exf6 Nxf6 10.O-O Bd6 11.c4 b6 12.Bd2 Bb7 13.cxd5 exd5 14.Qb3 Kh8 15.Rad1 Qe8
16.Rfe1 Qh5 17.Bc3 Bf4 18.Nf1 Ne4 19.Ng3 Bxg3 20.hxg3 Qf7 21.Bd3 Nxc3 22.bxc3 Rae8
23.Qc2 Qh5 24.Qd2 a6 25.Ng5 g6 26.Ne6 Rf7 27.Nf4 Rxe1+ 28.Rxe1 Qg4 29.Nxg6+ Kg7
30.Nf4 Ne7 31.f3 Qd7 32.Re5 Ng8 33.Qe3 c6 34.g4 Qd6 35.Ne6+ Kh8 36.Ng5 Rg7
37.Re8 Qf6 38.Ne6 Re7 39.Rxe7 Nxe7 40.g5 Qf7 41.Qe5+ Kg8 42.Nd8  1-0

[Event "II Latin American Cup"]
[Site "Montevideo URU"]
[Date "2011.11.02"]
[Round "3.11"]
[White "Jodorcovsky,P"]
[Black "Cori,J"]
[Result "0-1"]
[WhiteElo "2194"]
[BlackElo "2482"]

1.e4 e6 2.d4 d5 3.Nd2 Nc6 4.Ngf3 Nf6 5.e5 Nd7 6.Bb5 a5 7.O-O Na7 8.Bd3 b6
9.c3 c5 10.Re1 Be7 11.Nf1 Nc6 12.Ng3 h5 13.h3 cxd4 14.cxd4 Ba6 15.Bb1 h4
16.Ne2 b5 17.Nf4 Nb6 18.Be3 Nc4 19.Nd3 b4 20.Bc2 Bb5 21.Ba4 Bxa4 22.Qxa4 Qd7
23.b3 Nb6 24.Qb5 Nxe5 25.Qxb6 Nxd3 26.Ne5 Nxe5 27.dxe5 O-O 28.Rac1 Rfc8 29.Rxc8+ Rxc8
30.Qxa5 d4 31.Bd2 d3 32.Rd1 Qc6 33.Be3 Qc2 34.Rd2 Qb1+ 35.Kh2 Qf1 36.g4 Bd8
37.Bb6 Rc1  0-1

[Event "II Latin American Cup"]
[Site "Montevideo URU"]
[Date "2011.11.02"]
[Round "3.49"]
[White "De Oliveira,F"]
[Black "Lopez Azambuja,N"]
[Result "0-1"]
[WhiteElo "1806"]
[BlackElo "2166"]

1.e4 e6 2.d4 d5 3.Nd2 Be7 4.e5 c5 5.c3 Nc6 6.Ndf3 cxd4 7.cxd4 Qb6 8.a3 Bd7
9.Ne2 Na5 10.b4 Nc4 11.Nc3 Rc8 12.Bxc4 Rxc4 13.Ne2 a5 14.O-O axb4 15.axb4 Qxb4
16.Bd2 Qb6 17.Ra8+ Bc8 18.Ba5 Qb2 19.Nd2 Rc6 20.Qa4 b5 21.Qd1 Nh6 22.Ra7 Nf5
23.Nf3 O-O 24.g4 Nh4 25.Nxh4 Bxh4 26.Qd3 Rc2 27.Ng3 Rc4 28.Ne2 Qc2 29.Qxc2 Rxc2
30.Nc3 f6 31.Bb4 Rd8 32.Nxb5 fxe5 33.Nd6 exd4 34.f4 Rc6 35.Nxc8 Rdxc8 36.g5 Rc1
37.Ra2 Kf7 38.Rxc1 Rxc1+ 39.Kg2 Be1 40.Bd6 d3 41.h3 d2 42.Ra7+ Ke8  0-1

[Event "38th ch-IND w 2011"]
[Site "Chennai IND"]
[Date "2011.11.03"]
[Round "6"]
[White "Ramaswamy,A"]
[Black "Karavade,E"]
[Result "0-1"]
[WhiteElo "2209"]
[BlackElo "2348"]

1.e4 e6 2.d4 d5 3.Nd2 Nc6 4.Ngf3 Nf6 5.e5 Nd7 6.Bd3 f6 7.Ng5 Ndxe5 8.dxe5 fxg5
9.Qh5+ g6 10.Bxg6+ Kd7 11.Nf3 hxg6 12.Qxg6 Be7 13.Nxg5 Qg8 14.Qxg8 Rxg8 15.Nf3 Rxg2
16.Be3 b6 17.Kd2 Bb7 18.Rag1 Rxg1 19.Rxg1 Rf8 20.Rg3 d4 21.Nxd4 Nxe5 22.b3 c5  0-1

[Event "1st Panama Open"]
[Site "Panama City PAN"]
[Date "2011.11.05"]
[Round "5.1"]
[White "Tiviakov,S"]
[Black "Arencibia Rodriguez,W"]
[Result "1/2-1/2"]
[WhiteElo "2650"]
[BlackElo "2511"]

1.e4 e6 2.d4 d5 3.Nd2 Be7 4.Bd3 c5 5.dxc5 Nf6 6.Qe2 O-O 7.Ngf3 Nfd7 8.Nb3 a5
9.exd5 exd5 10.O-O a4 11.Nbd4 Nxc5 12.Bb5 Nba6 13.Bf4 Nc7 14.a3 Bf6 15.h3 Nxb5
16.Qxb5 Ne4 17.Rfd1 Ra6 18.Rab1 Re8 19.Be3 Ra5 20.Qd3 Bd7 21.Re1 Ra8 22.c3 Qa5
23.Rbd1 Rad8 24.Bf4 h5 25.Be3 Qb6 26.Qc2 Qa6 27.Ne2 Bb5 28.Nf4 Bc4 29.Nd2 Nxd2
30.Qxd2 g6 31.Bd4 Bg5 32.Be3 Bf6 33.g3 Bb3 34.Rc1 Qd6 35.Re2 Qe7 36.Rce1  1/2-1/2

[Event "1st Panama Open"]
[Site "Panama City PAN"]
[Date "2011.11.07"]
[Round "9.1"]
[White "Tiviakov,S"]
[Black "Ramirez,Alej"]
[Result "1-0"]
[WhiteElo "2650"]
[BlackElo "2595"]

1.e4 e6 2.d4 d5 3.Nd2 Be7 4.c3 c5 5.dxc5 Nf6 6.exd5 Nxd5 7.Nb3 O-O 8.Bc4 Qc7
9.Nf3 Rd8 10.Qe2 a5 11.a4 Na6 12.O-O Nxc5 13.Rd1 b6 14.Nxc5 bxc5 15.Ne5 Bb7
16.Re1 Bd6 17.Bb5 h6 18.h3 Nf6 19.Ng4 Ne4 20.Bd3 f5 21.Bxe4 Bxe4 22.f3 Bd5
23.Ne3 Bb7 24.Nc4 Bg3 25.Rf1 e5 26.Ne3 Qf7 27.c4 e4 28.fxe4 Bxe4 29.Ra3 Qg6
30.Nd5 Re8 31.Nf4 Bxf4 32.Bxf4 Bc6 33.Qf2 Re4 34.Rg3 Qe6 35.Qxc5 Rxc4 36.Qe5 Qxe5
37.Bxe5 Ra7 38.b3 Rb4 39.Rxf5 Rab7 40.Rf6 Be4 41.Rf4 g5 42.Bc3 Bg6 43.Rf6 Kh7
44.Ra6 Re4  1-0

[Event "23rd Leuven Open"]
[Site "Leuven BEL"]
[Date "2011.11.11"]
[Round "2.2"]
[White "Gergacz,A"]
[Black "Groffen,H"]
[Result "1/2-1/2"]
[WhiteElo "2432"]
[BlackElo "2206"]

1.e4 e6 2.d4 d5 3.Nd2 Be7 4.Ngf3 Nf6 5.e5 Nfd7 6.Bd3 c5 7.c3 Nc6 8.O-O g5
9.dxc5 g4 10.Nd4 Ndxe5 11.Bb5 Bd7 12.f4 Nxd4 13.Bxd7+ Qxd7 14.cxd4 Nc6 15.Nb3 Bf6
16.Be3 h5 17.Qd2 Ne7 18.f5 Nxf5 19.Rae1 Bh4 20.g3 Nxe3 21.Qxe3 Be7 22.Na5 b6
23.Qe5 Rh7 24.Nb3 Rc8 25.Rc1 bxc5 26.Nxc5 Qd6 27.Qe2 Qb6 28.Qd3 Rg7 29.b4 h4
30.a4 hxg3 31.hxg3 Bxc5 32.Rxc5 Rxc5 33.bxc5 Qc7 34.Kg2 f5 35.Rh1 Kf7 36.Qb5 Kg6
37.Qe8+ Qf7 38.Qh8 Qb7 39.Qe8+ Qf7 40.Qh8 Qb7 41.Re1 Re7 42.Qg8+ Kf6 43.Qf8+ Kg6
44.c6 Qb3 45.Qxe7  1/2-1/2

[Event "18th European Teams w"]
[Site "Porto Carras GRE"]
[Date "2011.11.11"]
[Round "9.8.3"]
[White "Gara,T"]
[Black "Mammadova,G"]
[Result "0-1"]
[WhiteElo "2375"]
[BlackElo "2290"]

1.e4 e6 2.d4 d5 3.Nd2 Nc6 4.Ngf3 Nf6 5.e5 Nd7 6.Be2 f6 7.exf6 Qxf6 8.Nf1 Bd6
9.Ne3 O-O 10.O-O Qg6 11.c4 Nf6 12.c5 Bf4 13.g3 Bh6 14.Ng2 Bxc1 15.Rxc1 Bd7
16.Bb5 Qh6 17.Bxc6 Bxc6 18.Qd2 Qh5 19.Qe3 Bb5 20.Nf4 Qf5 21.Rfe1 Ne4 22.h4 h6
23.h5 Be8 24.Nd2 Ng5 25.Nf3 Ne4 26.Nd2 Ng5 27.Nf3 Nh3+ 28.Nxh3 Qxh3 29.Nh4 Rf6
30.Qe5 Qg4 31.Qxc7 Qxd4 32.Rc2 Bxh5 33.Qe5 Qg4 34.Rd2 Raf8 35.Ng2 Bg6 36.Qe2 Qxe2
37.Rdxe2 Be4 38.Ne3 h5 39.Nd1 Bf3 40.Rd2 h4 41.gxh4 Rf4 42.Rd3 Rg4+ 43.Kh2 Rxh4+
44.Kg3 Rg4+ 45.Kh3 Rg6 46.Re5 Bg4+ 47.Kh2 Bxd1 48.Rxd1 Rxf2+ 49.Kh3 Rxb2
50.a4 Rb3+ 51.Kh2 Rb4 52.Rh5 a5 53.Rc1 Rh6 54.Rxh6 gxh6 55.c6 bxc6 56.Rxc6 Kf7  0-1

[Event "23rd Leuven Open"]
[Site "Leuven BEL"]
[Date "2011.11.12"]
[Round "5.10"]
[White "Van der Vurst,A"]
[Black "Wiley,To"]
[Result "1/2-1/2"]
[WhiteElo "2008"]
[BlackElo "2292"]

1.e4 e6 2.d4 d5 3.Nd2 a6 4.f4 c5 5.c3 cxd4 6.cxd4 dxe4 7.Nxe4 Nc6 8.Nf3 Be7
9.Be2 Nf6 10.Nxf6+ Bxf6 11.Be3 O-O 12.O-O b5 13.Ne5 Ne7 14.Qd2 Bb7 15.Bf2 Nf5
16.Bf3 Bxf3 17.Nxf3 Qd5 18.b3 Rfd8 19.Rfd1 Qb7 20.Rac1 Rd5 21.Rc5 Rad8 22.Rxd5 Rxd5
23.g4 Nd6 24.Qc2 g6 25.Ne5 b4 26.g5 Bxe5 27.dxe5 Ne4 28.Be1 Qb6+ 29.Kg2 Rxd1
30.Qxd1 a5 31.Qd3 Qc6 32.Kf1 Kg7 33.Qc4 Qb7 34.Ke2 Nc3+ 35.Bxc3 Qg2+ 36.Kd1 bxc3
37.Qxc3 Qxa2 38.Qc2 Qa1+ 39.Ke2 Qh1 40.Ke3 Qg1+ 41.Qf2 Qb1 42.Qd2 Qxb3+ 43.Kf2 Qb4
44.Qxb4 axb4 45.Ke3 Kf8 46.Kd4 Ke7 47.Kc4 Kd7 48.Kxb4 Kc6 49.Kc4  1/2-1/2

[Event "4NCL 2011-12"]
[Site "Staverton Park ENG"]
[Date "2011.11.12"]
[Round "1.13.5"]
[White "Plaskett,J"]
[Black "Anderton,D"]
[Result "1-0"]
[WhiteElo "2480"]
[BlackElo "2221"]

1.e4 e6 2.d4 d5 3.Nd2 Nc6 4.Ngf3 Nf6 5.e5 Nd7 6.Bd3 Nb4 7.Be2 c5 8.c3 Nc6
9.Bd3 cxd4 10.cxd4 f6 11.exf6 Nxf6 12.O-O Bd6 13.Re1 O-O 14.Nf1 Qc7 15.Bg5 Bd7
16.Rc1 Bf4 17.Bxf4 Qxf4 18.Qd2 Qxd2 19.N1xd2 Rac8 20.a3 Ne7 21.Ne5 Rxc1 22.Rxc1 Rc8
23.Rxc8+ Bxc8 24.Kf1 Nd7 25.Ndf3 Nxe5 26.Nxe5 Nf5 27.Nf3 h6 28.Ke2 g5 29.Bxf5 exf5
30.h4 gxh4 31.Nxh4 Kf7 32.Ke3 Kf6 33.Kf4 Bd7 34.g3 a5 35.Ng2 a4 36.Ne3 Be6
37.Nd1 Bd7 38.Nc3 Ke6 39.g4 fxg4 40.Kxg4 Kf6+ 41.Kh5 Bc6 42.Kxh6 Kf5 43.Kg7 Kf4
44.Kf6 Kf3 45.Ke5 Kxf2 46.Nxd5 Ke2 47.Nb4 Be8 48.d5 Kd2 49.Kd4 Bd7 50.d6 b6
51.Nd5 b5 52.Kc5 Kc2 53.Kb4  1-0

[Event "4NCL 2011-12"]
[Site "Staverton Park ENG"]
[Date "2011.11.12"]
[Round "1.15.6"]
[White "Gayson,P"]
[Black "Harakis,A"]
[Result "1/2-1/2"]
[WhiteElo "2204"]
[BlackElo "2220"]

1.e4 e6 2.d4 d5 3.Nd2 a6 4.exd5 exd5 5.Ngf3 Nf6 6.Bd3 Bg4 7.O-O Be7 8.Re1 O-O
9.Nf1 c5 10.dxc5 Bxc5 11.Be3 d4 12.Bg5 h6 13.Bxf6 Qxf6 14.Be4 Qb6 15.h3 Be6
16.Ne5 Nc6 17.Nd3 Bd6 18.Qf3 Rad8 19.Ng3 Bxg3 20.Qxg3 Nb4 21.Nf4 Bd5 22.Nxd5 Nxd5
23.Qb3 Qxb3 24.axb3 f5 25.Bd3 Nb4 26.Re7 Nxd3 27.cxd3 Rf7 28.Rxf7 Kxf7 29.Rc1 Rd7
30.Rc5 Ke6 31.b4 g6 32.Kf1 Rd5 33.Rc4 Ke5 34.Ke2 Rb5 35.Kd2 g5 36.Kc2 g4
37.hxg4 fxg4 38.Kb3 Rd5 39.g3 b5 40.Rc6 Rd6 41.Rc5+ Rd5 42.Rc8 Rd6 43.Rc5+ Rd5
44.Rc6 Rd6 45.Rxd6 Kxd6 46.Kc2 Ke5 47.Kd2 Kf5 48.Ke2 h5 49.Kf1 Kg5 50.Kg2 Kf5
51.Kf1  1/2-1/2

[Event "4NCL 2011-12"]
[Site "Staverton Park ENG"]
[Date "2011.11.12"]
[Round "1.17.4"]
[White "Collins,S IRL"]
[Black "Bisby,D"]
[Result "0-1"]
[WhiteElo "2426"]
[BlackElo "2264"]

1.e4 e6 2.d4 d5 3.Nd2 Be7 4.Bd3 c5 5.c3 Nc6 6.Ngf3 Nf6 7.O-O cxd4 8.cxd4 Nb4
9.Bb1 dxe4 10.Nxe4 O-O 11.Ne5 Bd7 12.Qb3 Nxe4 13.Bxe4 Be8 14.Rd1 Nd5 15.Qh3 f5
16.Bc2 Bf6 17.Bb3 Bxe5 18.dxe5 Bc6 19.Qg3 Qc7 20.Bf4 Rad8 21.Rac1 Qf7 22.f3 Kh8
23.Bd2 Rd7 24.Qf2 a6 25.Bc4 Re8 26.Bg5 Ra8 27.Qg3 f4 28.Qh4 h6 29.Rd4 Qg6
30.Bxf4 Nxf4 31.Rxf4 Rad8 32.Qg4 Rd1+ 33.Rxd1 Rxd1+ 34.Kf2 Qc2+ 35.Kg3 Rd2
36.Kh3 Bd7 37.Rf7 g6 38.Qh4 Kg8 39.Qe7  0-1

[Event "21st World Seniors"]
[Site "Rijeka CRO"]
[Date "2011.11.15"]
[Round "1.15"]
[White "Andersson,Ka"]
[Black "Okhotnik,V"]
[Result "0-1"]
[WhiteElo "2084"]
[BlackElo "2427"]

1.e4 e6 2.d4 d5 3.Nd2 Be7 4.Bd3 c5 5.c3 cxd4 6.cxd4 Nc6 7.Ne2 dxe4 8.Nxe4 Nf6
9.O-O O-O 10.Ng5 e5 11.dxe5 Nxe5 12.Bc2 Bg4 13.Qxd8 Rfxd8 14.Ng3 h6 15.N5e4 Nd3
16.Be3 Nxe4 17.Nxe4 Be2 18.Rfb1 Nb4 19.Rc1 Nxc2 20.Rxc2 Bg4 21.Rc7 Rd7 22.Rac1 Bd8
23.Rxd7 Bxd7 24.f3 Bc6 25.Kf2 Bh4+ 26.g3 Bd8 27.Rc3 a5 28.Bc5 f5 29.Nd6 Bf6
30.Rc2 g6 31.Bb6 a4 32.Rd2 Ra6 33.Bd4 Bxd4+ 34.Rxd4 Rb6 35.Rd2 Rb4 36.h3 Kg7
37.Rc2 Bd5 38.Ke3 Kf6 39.Rc5 Bxa2 40.Rb5 Rxb5 41.Nxb5 Bd5 42.h4 Bc6 43.Nd4 Ke5
44.Kd3 f4 45.g4 Bd5 46.Kc3 b5 47.Nxb5 Bxf3 48.g5 hxg5 49.hxg5 Kf5 50.Nd4+ Kg4
51.Kd2 Bd5 52.Ke2 Kxg5 53.Kf2 Kg4 54.Nc2 g5 55.Nd4 Kh3 56.Ne2 Kh2 57.Nc3 g4
58.Nxd5 g3+ 59.Ke2 g2 60.Nxf4 g1=Q 61.Nd3 Qb6 62.Kd2 Qb3  0-1

[Event "2nd Brno Open"]
[Site "Brno CZE"]
[Date "2011.11.16"]
[Round "6"]
[White "Smirnova,An"]
[Black "Yakimenko,Alex"]
[Result "0-1"]
[WhiteElo "2049"]
[BlackElo "2260"]

1.d4 e6 2.e4 d5 3.Nd2 Nc6 4.Ngf3 Nf6 5.e5 Nd7 6.c3 f6 7.Bd3 fxe5 8.dxe5 Ndxe5
9.Nxe5 Nxe5 10.Qh5+ Nf7 11.Bxh7 Bd6 12.Nf3 Qf6 13.h4 Kf8 14.Ng5 Qe5+ 15.Be3 Nxg5
16.hxg5 Bd7 17.O-O-O Be8 18.Qe2 g6 19.Rh6 Ke7 20.g3 c5 21.Re1 Rc8 22.Qd2 Qg7
23.Reh1 Rc7 24.Bf4 e5 25.Qe2 Kd8 26.Bxg6 Rxh6 27.gxh6 Qxg6 28.Bxe5 Re7 29.f4 Bxe5
30.fxe5 Qg5+ 31.Qd2 Qxd2+ 32.Kxd2 Bg6 33.g4 Kd7 34.g5 Rf7 35.Re1 Ke6 36.b4 b6
37.bxc5 bxc5 38.Re3 Rf2+ 39.Ke1 Rg2 40.Rh3 Bh7 41.Rf3 Rxg5 42.Rf6+ Kxe5 43.Rf7 Bf5
44.Rxa7 Rh5 45.Re7+ Kf4 46.c4 d4 47.h7 Rxh7 48.Re8 Be4 49.Rf8+ Ke3  0-1

[Event "Martin Open"]
[Site "Martin SVK"]
[Date "2011.11.17"]
[Round "2"]
[White "Kislinsky,A"]
[Black "Danada,T"]
[Result "1-0"]
[WhiteElo "2529"]
[BlackElo "2062"]

1.e4 e6 2.d4 d5 3.Nd2 Be7 4.Ngf3 Nf6 5.e5 Nfd7 6.c3 c5 7.Bd3 Nc6 8.O-O g5
9.b4 cxb4 10.cxb4 Nxb4 11.Bb1 Nb6 12.Ne1 Bd7 13.f4 Bb5 14.Rf2 gxf4 15.Nb3 Rc8
16.Bxf4 Nc4 17.Bh6 Na3 18.Qh5 Nxb1 19.Rxf7 Kd7 20.Bg5 Re8 21.Rxb1  1-0

[Event "WYCC U14 Open"]
[Site "Caldas Novas BRA"]
[Date "2011.11.18"]
[Round "1"]
[White "Proyer,E"]
[Black "Svane,R"]
[Result "0-1"]
[WhiteElo "1881"]
[BlackElo "2363"]

1.e4 e6 2.d4 d5 3.Nd2 Nc6 4.c3 dxe4 5.Nxe4 Qd5 6.Bd3 e5 7.dxe5 Nxe5 8.Bc2 Qxd1+
9.Bxd1 Nd3+ 10.Kd2 Nxc1 11.Ba4+ c6 12.Rxc1 Bf5 13.Re1 O-O-O+ 14.Kc1 Nf6 15.Nxf6 gxf6
16.f4 Bd6 17.g3 Rhe8 18.Nf3 Bc5 19.Bc2 Bg4 20.Nh4 Be2 21.Bd1 Bd3 22.Bg4+ Kc7
23.Nf5 Bc4 24.Rxe8 Rxe8 25.b3 Ba3+ 26.Kc2 Bd5 27.Rd1 h5 28.Rxd5 cxd5 29.Bxh5 Rh8
30.g4 Bd6 31.Ne3 Kc6 32.Ng2 a5 33.h4 Rh7 34.Kd3 f5 35.Ke3 Be7 36.Kf3 fxg4+
37.Kxg4 f5+ 38.Kxf5 Rxh5+ 39.Kg6 Rxh4 40.Nxh4 Bxh4 41.f5 b5 42.f6 b4 43.f7 Be7
44.cxb4 axb4  0-1

[Event "21st World Seniors"]
[Site "Rijeka CRO"]
[Date "2011.11.18"]
[Round "4.34"]
[White "Valenti,G"]
[Black "Simon Padros,E"]
[Result "1/2-1/2"]
[WhiteElo "2147"]
[BlackElo "2258"]

1.e4 e6 2.d4 d5 3.Nd2 Nc6 4.Ngf3 Nf6 5.e5 Nd7 6.Nb3 Be7 7.Be2 O-O 8.O-O a5
9.a4 b6 10.Bb5 Ncb8 11.Re1 c6 12.Bd3 Ba6 13.c3 Bxd3 14.Qxd3 c5 15.Qe2 Nc6
16.h3 Re8 17.Bf4 c4 18.Nbd2 Nf8 19.b3 cxb3 20.Reb1 Qc7 21.Rxb3 Rec8  1/2-1/2

[Event "Caissa IM November 2011"]
[Site "Kecskemet HUN"]
[Date "2011.11.20"]
[Round "3.1"]
[White "Hou,Qiang"]
[Black "Varga,Kl"]
[Result "0-1"]
[WhiteElo "2322"]
[BlackElo "2127"]

1.e4 e6 2.d4 d5 3.Nd2 Nc6 4.Ngf3 Nf6 5.e5 Nd7 6.Bb5 a6 7.Bxc6 bxc6 8.Nb3 c5
9.Bg5 Be7 10.Na5 Nxe5 11.dxe5 Bxg5 12.Nc6 Qd7 13.Nxg5 h6 14.Nxf7 Kxf7 15.Na5 Qb5
16.Nb3 a5 17.Qf3+ Kg8 18.Qc3 c4 19.Nd4 Qb6 20.Rd1 c5 21.Ne2 Rb8 22.O-O d4
23.Qg3 Qxb2 24.Qg6 Qb7 25.Nxd4 cxd4 26.Rxd4 Qe7 27.Rfd1 Bd7 28.Rd6 Be8 29.Qe4 Bh5
30.f3 c3 31.Rd7 Qg5 32.h4 Qg6 33.Qe2 Rb4 34.R1d4 Kh7 35.Rxb4 axb4 36.g4 Ra8
37.Qc4 Qxc2 38.gxh5 Qb1+ 39.Kf2 Rxa2+ 40.Kg3 Qe1+ 41.Kh3 Qh1+  0-1

[Event "Femida Cup Women"]
[Site "Kharkiv UKR"]
[Date "2011.11.21"]
[Round "2"]
[White "Kalinina,M"]
[Black "Sharovskaya,O"]
[Result "1/2-1/2"]
[WhiteElo "2072"]
[BlackElo "1966"]

1.e4 e6 2.d4 d5 3.Nd2 a6 4.Ngf3 c5 5.exd5 Qxd5 6.Bc4 Qd8 7.dxc5 Bxc5 8.O-O Nf6
9.Qe2 O-O 10.Ne4 Be7 11.Bf4 Nxe4 12.Qxe4 Nd7 13.Ne5 Nc5 14.Qf3 f6 15.Nd3 Nxd3
16.Bxd3 Qa5 17.Rfe1 Qb4 18.b3 Bd6 19.Re4 Qc3 20.Rd1 Bxf4 21.Rxf4 Qc7 22.Rc4 Qf7
23.Qg3 e5 24.Be4 Be6 25.Rb4 Rad8 26.Re1 b5 27.Bd3 Qd7 28.Qf3 Bd5 29.Qe2 f5
30.Qxe5 Rde8 31.Qa1 Rxe1+ 32.Qxe1 Re8 33.Qc3 Qc6 34.Qxc6 Re1+ 35.Bf1 Bxc6
36.f3 Rc1 37.a4 a5 38.Rf4 g6 39.axb5 Bxb5 40.c4 Bc6 41.Rd4 a4 42.bxa4 Bxa4
43.Kf2 Bb3 44.h4 Kf7 45.g4 fxg4 46.Rxg4 Kf6 47.Bd3 Bc2 48.Ke3 Bxd3 49.Kxd3 Ke5
50.Re4+ Kd6 51.Rd4+ Kc6 52.h5 Rf1 53.Ke2 Rh1 54.hxg6 hxg6 55.Rg4 Kc5 56.Rxg6 Kxc4
57.Rd6 Kc5 58.Rd8 Rh7 59.Ke3 Re7+ 60.Kf2 Kc6 61.f4 Rd7 62.Rc8+ Kd6 63.Kf3 Ke6
64.Ke4 Ra7 65.Rc6+ Kf7 66.Kf5 Ra5+ 67.Kg4 Ra1 68.Kg5 Rg1+ 69.Kf5 Ra1 70.Rc7+ Kf8
71.Kg5 Ra8 72.f5 Ra6 73.Rh7 Rb6 74.Ra7 Rc6 75.Ra5 Rb6 76.f6 Rb1 77.Re5 Kf7
78.Re7+ Kf8 79.Re4 Rg1+ 80.Kf5 Kf7  1/2-1/2

[Event "21st World Seniors"]
[Site "Rijeka CRO"]
[Date "2011.11.21"]
[Round "6.34"]
[White "Sinelnikov,I"]
[Black "Giulian,P"]
[Result "0-1"]
[WhiteElo "2162"]
[BlackElo "2294"]

1.e4 e6 2.d4 d5 3.Nd2 Nc6 4.c3 e5 5.dxe5 dxe4 6.Qa4 Qd5 7.f4 exf3 8.Ngxf3 Be6
9.b4 O-O-O 10.Bc4 Qd7 11.b5 Nb8 12.Bxe6 fxe6 13.O-O Nh6 14.Ne4 a6 15.c4 Qd3
16.Re1 Be7 17.Bxh6 gxh6 18.Rad1 Qa3 19.Qxa3 Bxa3 20.Nf6 Nd7 21.bxa6 bxa6
22.g4 Rhf8 23.g5 hxg5 24.Nxg5 Nxf6 25.Rxd8+ Rxd8 26.exf6 Rg8 27.h4 h6 28.f7 Rg7
29.Rxe6 hxg5 30.Rxa6 Bc5+ 31.Kh1 Rxf7 32.hxg5 Rg7 33.g6 Bd6 34.c5 Bxc5 35.Rf6 Be7
36.Rc6 Bd6 37.Kg2 Rxg6+ 38.Kf3 Re6 39.Rc4 Kb7 40.Kf2 Kb6 41.Kf3 Kb5 42.Rc2 Kb4
43.Rc6 Re5 44.Rc2 Ka3 45.Rg2 Re7 46.Rd2 Bb4 47.Rc2 c5 48.Kf4 Re1 49.Kf3 Ra1  0-1

[Event "Egyptian Open 2011"]
[Site "Cairo EGY"]
[Date "2011.11.22"]
[Round "4"]
[White "Abdel Fadil,M"]
[Black "Abdel Razik,K"]
[Result "0-1"]
[WhiteElo "2203"]
[BlackElo "2432"]

1.e4 e6 2.d4 d5 3.Nd2 Be7 4.Bd3 c5 5.dxc5 Nf6 6.Qe2 a5 7.Ngf3 Na6 8.O-O Nxc5
9.Bb5+ Bd7 10.exd5 Nxd5 11.Ne5 O-O 12.Nxd7 Nxd7 13.Ne4 Nc5 14.c3 a4 15.Nxc5 Bxc5
16.Qg4 a3 17.b4 Be7 18.Rd1 Qb6 19.c4 Bf6 20.Bd2 Bxa1 21.Rxa1 Nf6 22.Qh4 Rad8
23.Bc3 Rd3 24.Rc1 Rfd8 25.h3 Rd1+ 26.Rxd1 Rxd1+ 27.Kh2 Qd6+ 28.f4 Ne4  0-1

[Event "3rd Pilsen Open"]
[Site "Plzen CZE"]
[Date "2011.11.22"]
[Round "4"]
[White "Rigopoulos Tsigkos,A"]
[Black "Yakimenko,Alex"]
[Result "1-0"]
[WhiteElo "2066"]
[BlackElo "2260"]

1.e4 e6 2.d4 d5 3.Nd2 Nc6 4.Ngf3 Nf6 5.e5 Nd7 6.Bd3 f6 7.exf6 Qxf6 8.Nb3 Bd6
9.Bg5 Qf7 10.c4 O-O 11.Be3 h6 12.O-O Nb4 13.Be2 dxc4 14.Bxc4 Nb6 15.Be2 Bd7
16.Na5 Rab8 17.Ne5 Qf6 18.Bf3 N4d5 19.Nxd7 Nxd7 20.Nc4 Bf4 21.Qd2 Qg5 22.Bxf4 Nxf4
23.Kh1 Qf6 24.Rad1 c6 25.Qa5 a6 26.Qc7 Rfd8 27.Ne5 Nf8 28.Rfe1 Nd5 29.Qa5 Ng6
30.Ng4 Qf7 31.Be4 Nh4 32.Qd2 Rf8 33.f3 Rbd8 34.Ne5 Qf6 35.Bb1 Nf5 36.Qd3 Nf4
37.Qe4 Qh4 38.Kg1 Qg5 39.g4 g6 40.Kh1 Nh4 41.Nd3 Rde8 42.Nc5 Re7 43.Rf1 a5
44.Qe5 b6 45.Qxg5 hxg5 46.Ne4 Nh3 47.Rd3 Rc7 48.Bc2 Rd8 49.Bb3 Kf7 50.f4 gxf4
51.Rxh3 Rxd4 52.Rxh4 Kg7 53.Ng5  1-0

[Event "TCh-ESP CECLUB Div Honor 2011"]
[Site "Melilla ESP"]
[Date "2011.11.23"]
[Round "4"]
[White "Perez Candelario,Man"]
[Black "Bauer,Ch"]
[Result "0-1"]
[WhiteElo "2558"]
[BlackElo "2641"]

1.e4 e6 2.d4 d5 3.Nd2 Nc6 4.Ngf3 Nf6 5.e5 Nd7 6.c3 f6 7.Bb5 fxe5 8.dxe5 Be7
9.O-O O-O 10.Re1 a5 11.Bd3 Qe8 12.Nf1 Nc5 13.Bc2 b6 14.Ng3 Bb7 15.Ng5 Bxg5
16.Bxg5 Qf7 17.f3 Kh8 18.Be3 Rad8 19.Bxc5 bxc5 20.Qd3 g6 21.Qb5 Ba8 22.Qxc5 Qg7
23.Rad1 Nxe5 24.b3 Rde8 25.Qxa5 Rf4 26.Qc5 Ref8 27.Re3 Rc8 28.Ne2 Nd7 29.Qa5 Rf6
30.c4 c5 31.cxd5 exd5 32.Ng3 Bc6 33.Qd2 Ra8 34.a4 Rf7 35.Rde1 Nf8 36.Re5 Rc8
37.Qf2 Nd7 38.Re6 Nf8 39.R6e2 Nd7 40.h4 Qf6 41.h5 gxh5 42.Nf5 Nf8 43.Ne7 Rc7
44.Qxc5 d4 45.Nxc6 Rxc6 46.Qxh5 Rc3 47.Rd1 Ne6 48.Qd5 Nf4 49.Re8+ Kg7 50.Qe4 Kh6
51.Bd3 Rg7 52.g4 Rf7 53.Rg8 Qh4 54.Bf1 Qg3+ 55.Kh1 Qh4+ 56.Kg1 Qg3+ 57.Kh1 Rxf3
58.Qc6+ Ng6 59.Bg2 Qxg4 60.Qc1+ Re3 61.Rxg6+ hxg6 62.Kg1 Re7 63.Rf1 Kg7 64.Qc6 Re2
65.Qa8 Re8 66.Qb7+ R2e7 67.Qd5 Re1 68.Qf7+ Kh6 69.Qf2 Rxf1+ 70.Qxf1 Qg3 71.Qc1+ Qe3+
72.Qxe3+ Rxe3 73.Bd5 d3  0-1